000 00380nam a22001697a 4500
003 MPLRDC
005 20220104151519.0
008 210129b ||||| |||| 00| 0 eng d
082 _a954.7 ZBL
100 _a邹保罗编著
245 _a近摄技术
_c
250 _a初版
260 _a
_b万里书店出版
_c1978
300 _b
650 _a
942 _cBK
_o954.7 ZBL
999 _c52410
_d52400